000 00323nam a22001457a 4500
020 _a0-590-13627-5
082 _a823
_bJUN/Y
100 _aJUNGMAN, ANN
245 _aYOUNG HIPPO FUNNY
260 _aLONDON
_bSCHOLASTIC CHILDRENS BOOK
_c1996
300 _a80
520 _aSHORT STORY
650 _aSHORT STORY
942 _cBK
999 _c5972
_d5972